International criminal law / (Record no. 11686)
[ view plain ]
| 000 -LEADER | |
|---|---|
| fixed length control field | 01946cam a22004212 4500 |
| 001 - CONTROL NUMBER | |
| control field | 0000025400 |
| 005 - DATE AND TIME OF LATEST TRANSACTION | |
| control field | 20151217154532.0 |
| 008 - FIXED-LENGTH DATA ELEMENTS--GENERAL INFORMATION | |
| fixed length control field | 150901s xx 000 0 eng d |
| 020 ## - INTERNATIONAL STANDARD BOOK NUMBER | |
| International Standard Book Number | 0406959041 : |
| 040 ## - CATALOGING SOURCE | |
| Original cataloging agency | KABU |
| Transcribing agency | KABU |
| 100 1# - MAIN ENTRY--PERSONAL NAME | |
| Personal name | Zahar, Alexander. |
| -- | 0000184685 |
| 245 10 - TITLE STATEMENT | |
| Title | International criminal law / |
| Statement of responsibility, etc. | Alexander Zahar. |
| 260 ## - PUBLICATION, DISTRIBUTION, ETC. (IMPRINT) | |
| Place of publication, distribution, etc. | Oxford : |
| Name of publisher, distributor, etc. | O. U. P., |
| Date of publication, distribution, etc. | 2008. |
| 300 ## - PHYSICAL DESCRIPTION | |
| Extent | xlviii, 530 p. |
| 650 #0 - SUBJECT ADDED ENTRY--TOPICAL TERM | |
| Topical term or geographic name as entry element | International criminal law |
| General subdivision | Cases. |
| -- | 0000184731 |
| 700 1# - ADDED ENTRY--PERSONAL NAME | |
| Personal name | Sluiter, Goran. |
| -- | 0000184686 |
| 852 1# - LOCATION | |
| -- | p11500 KES |
| 852 1# - LOCATION | |
| -- | p11500 KES |
| 852 1# - LOCATION | |
| -- | p11500 KES |
| 852 1# - LOCATION | |
| -- | p11500 KES |
| 852 1# - LOCATION | |
| -- | p11500 KES |
| 852 1# - LOCATION | |
| -- | p11500 KES |
| 852 1# - LOCATION | |
| -- | p11500 KES |
| 852 1# - LOCATION | |
| -- | p11500 KES |
| 852 1# - LOCATION | |
| -- | p11500 KES |
| 852 1# - LOCATION | |
| -- | p11500 KES |
| 852 1# - LOCATION | |
| -- | p11500 KES |
| 852 1# - LOCATION | |
| -- | p11500 KES |
| 852 1# - LOCATION | |
| -- | p11500 KES |
| 852 1# - LOCATION | |
| -- | p11500 KES |
| 852 1# - LOCATION | |
| -- | p11500 KES |
| 852 1# - LOCATION | |
| -- | p11500 KES |
| 852 1# - LOCATION | |
| -- | p11500 KES |
| 852 1# - LOCATION | |
| -- | p11500 KES |
| 852 1# - LOCATION | |
| -- | p11500 KES |
| 908 ## - PUT COMMAND PARAMETER (RLIN) | |
| Put command parameter | 150901 |
| 950 ## - LOCAL HOLDINGS (RLIN) | |
| -- | 1 |
| Withdrawn status | Lost status | Source of classification or shelving scheme | Not for loan | Home library | Current library | Date acquired | Total Checkouts | Total Renewals | Full call number | Barcode | Date last seen | Date last checked out | Price effective from | Koha item type |
|---|---|---|---|---|---|---|---|---|---|---|---|---|---|---|
| Library of Congress Classification | Kabarak, Main Campus | Kabarak, Main Campus | 17/12/2015 | 6 | 1 | KZ7050 .Z34 2008 c. 1 | 019654 | 14/03/2025 | 03/03/2025 | 17/12/2015 | General Collection | |||
| Library of Congress Classification | Kabarak, Main Campus | Kabarak, Main Campus | 17/12/2015 | 8 | KZ7050 .Z34 2008 c. 2 | 019655 | 15/03/2022 | 12/10/2019 | 17/12/2015 | General Collection | ||||
| Library of Congress Classification | Kabarak, Main Campus | Kabarak, Main Campus | 17/12/2015 | 12 | 5 | KZ7050 .Z34 2008 c. 3 | 019751 | 24/04/2023 | 31/03/2023 | 17/12/2015 | General Collection | |||
| Library of Congress Classification | Kabarak, Main Campus | Kabarak, Main Campus | 17/12/2015 | 3 | 1 | KZ7050 .Z34 2008 c. 4 | 019660 | 17/09/2024 | 05/09/2024 | 17/12/2015 | General Collection | |||
| Library of Congress Classification | Kabarak, Main Campus | Kabarak, Main Campus | 17/12/2015 | 8 | KZ7050 .Z34 2008 c. 5 | 019667 | 31/03/2023 | 21/03/2023 | 17/12/2015 | General Collection | ||||
| Library of Congress Classification | Kabarak, Main Campus | Kabarak, Main Campus | 17/12/2015 | 5 | KZ7050 .Z34 2008 c. 6 | 019663 | 08/11/2019 | 07/06/2019 | 17/12/2015 | General Collection | ||||
| Library of Congress Classification | Kabarak, Main Campus | Kabarak, Main Campus | 17/12/2015 | 8 | 2 | KZ7050 .Z34 2008 c. 7 | 019653 | 17/03/2025 | 28/02/2025 | 17/12/2015 | General Collection | |||
| Library of Congress Classification | Kabarak, Main Campus | Kabarak, Main Campus | 17/12/2015 | 10 | 1 | KZ7050 .Z34 2008 c. 8 | 019656 | 03/06/2025 | 29/05/2025 | 17/12/2015 | General Collection | |||
| Library of Congress Classification | Kabarak, Main Campus | Kabarak, Main Campus | 17/12/2015 | KZ7050 .Z34 2008 c. 9 | 019662 | 17/12/2015 | 17/12/2015 | General Collection | ||||||
| Library of Congress Classification | Kabarak, Main Campus | Kabarak, Main Campus | 17/12/2015 | 8 | 1 | KZ7050 .Z34 2008 c. 10 | 019659 | 26/04/2022 | 21/03/2022 | 17/12/2015 | General Collection | |||
| Library of Congress Classification | Kabarak, Main Campus | Kabarak, Main Campus | 17/12/2015 | 6 | KZ7050 .Z34 2008 c. 11 | 019651 | 20/11/2019 | 31/10/2019 | 17/12/2015 | General Collection | ||||
| Library of Congress Classification | Kabarak, Main Campus | Kabarak, Main Campus | 17/12/2015 | 8 | KZ7050 .Z34 2008 c. 12 | 019657 | 05/04/2022 | 21/03/2022 | 17/12/2015 | General Collection | ||||
| Library of Congress Classification | Kabarak, Main Campus | Kabarak, Main Campus | 17/12/2015 | 7 | 1 | KZ7050 .Z34 2008 c. 13 | 019650 | 25/06/2025 | 13/06/2025 | 17/12/2015 | General Collection | |||
| Library of Congress Classification | Kabarak, Main Campus | Kabarak, Main Campus | 17/12/2015 | 11 | 2 | KZ7050 .Z34 2008 c. 14 | 019649 | 29/03/2021 | 06/03/2021 | 17/12/2015 | General Collection | |||
| Library of Congress Classification | Kabarak, Main Campus | Kabarak, Main Campus | 17/12/2015 | 6 | KZ7050 .Z34 2008 c. 15 | 019661 | 23/09/2019 | 23/09/2019 | 17/12/2015 | General Collection | ||||
| Library of Congress Classification | Kabarak, Main Campus | Kabarak, Main Campus | 17/12/2015 | 5 | KZ7050 .Z34 2008 c. 17 | 019666 | 03/02/2025 | 21/01/2025 | 17/12/2015 | General Collection | ||||
| Library of Congress Classification | Kabarak, Main Campus | Kabarak, Main Campus | 17/12/2015 | 4 | KZ7050 .Z34 2008 c. 18 | 019665 | 22/06/2019 | 10/05/2019 | 17/12/2015 | General Collection | ||||
| Library of Congress Classification | Kabarak, Main Campus | Kabarak, Main Campus | 17/12/2015 | 9 | KZ7050 .Z34 2008 c. 19 | 019664 | 27/01/2023 | 12/01/2023 | 17/12/2015 | General Collection | ||||
| Library of Congress Classification | Kabarak, Main Campus | Kabarak, Main Campus | 17/12/2015 | 7 | KZ7050 .Z34 2008 c. 20 | 019652 | 27/03/2025 | 07/03/2025 | 17/12/2015 | General Collection | ||||
| Library of Congress Classification | Kabarak, Main Campus | Kabarak, Main Campus | 17/12/2015 | 5 | KZ7050 .Z34 2008 c. 16 | 019658 | 14/07/2022 | 04/07/2022 | 17/12/2015 | General Collection |